000 00622nam a22002297a 4500
003 LK-CoMWRAF
005 20231106173107.0
008 231106b1988 |||||||| |||| 00| 0 eng d
040 _aLK-CoMWRAF
_dLK-CoMWRAF
_eLK-CoMWRAF
041 _aeng
082 _a306.7
_bRIK
100 _aRiker, Audrey Palm
245 _aMarried and single life
250 _a4th ed.
260 _aPeoria:
_bGlencoe,
_c1988
300 _a416 p. : ill. (some col.) ; 24 cm.
_bGlossary and index included.
650 _aMARRIAGE
650 _aFamily life education
650 _aSingle people
700 _aBrisbane, Holly E
942 _cBK
999 _c4057
_d4057